000 00461nam a22001577a 4500
999 _c8476
_d8477
008 200709b ||||| |||| 00| 0 eng d
020 _a9789998090101
082 _a920 TSH
100 _aTshering Kencho
245 _aThe smiling moon :
_ba biography of 69th Je khenpo His Holiness Gedun Rinchen
_ctranslated by Kencho Tobgyel
250 _a1st ed.
260 _aNew Delhi :
_cIndia.
300 _a241 p :
_bill,
_c25 cm.
650 _va biography
942 _2ddc